Catalog

Record Details

Catalog Search



Vychovatelství : učebnice teoretických základů oboru  Cover Image Book Book

Vychovatelství : učebnice teoretických základů oboru / Stanislav Bendl a kolektiv

Record details

  • ISBN: 978-80-247-4248-9
  • Physical Description: 306 stran : ilustrace ; 24 cm
  • Edition: Vydání 1.
  • Publisher: Praha : Grada, 2015

Content descriptions

General Note:
Terminologické slovníky
Bibliography, etc. Note:
Obsahuje bibliografie a bibliografické odkazy
Subject: výchova
filozofie výchovy
pedagogická psychologie
pedagogika volného času
sociální psychologie
speciální pedagogika
prevence (sociální problémy)
multikulturní výchova
education
philosophy of education
educational psychology
leisure education
social psychology
special education
prevention (social problems)
multicultural education
Genre: učebnice vysokých škol
textbooks (higher)

Available copies

  • 1 of 2 copies available at Common Catalog SPOK.

Holds

  • 0 current holds with 2 total copies.
Show Only Available Copies
Location Call Number / Copy Notes Barcode Shelving Location Status Due Date
ETS Library 370.1 424470013927 Volný výběr Available -
Jabok Library Ped-3.9 424480037887 Odborná literatura Checked out 13.09.2023

LDR 02352nam a2200673 i 4500
00123333
003CZ-PrJAB
00520151026101831.0
007ta
008150421s2015 xr a e p 000 0 cze
015 . ‡acnb002694926
020 . ‡a978-80-247-4248-9 ‡q(brožováno)
035 . ‡a(CZ PrNK)nkc20152694926
035 . ‡a(OCoLC)913564110
040 . ‡aOLA001 ‡bcze ‡erda
072 7. ‡a37 ‡xVýchova a vzdělávání ‡2Konspekt ‡922
072 7. ‡a37.016 ‡xUčební osnovy. Vyučovací předměty. Učebnice ‡2Konspekt ‡922
080 . ‡a37.0 ‡2MRF
080 . ‡a37.013.73 ‡2MRF
080 . ‡a37.015.3 ‡2MRF
080 . ‡a379.8 ‡2MRF
080 . ‡a316.6 ‡2MRF
080 . ‡a376 ‡2MRF
080 . ‡a37.03:364-212 ‡2MRF
080 . ‡a316.72/.75:37.035 ‡2MRF
080 . ‡a(075.8) ‡2MRF
082 . ‡a370.1
1001 . ‡aBendl, Stanislav, ‡d1965- ‡7jn20000400127 ‡4aut
24510. ‡aVychovatelství : ‡bučebnice teoretických základů oboru / ‡cStanislav Bendl a kolektiv
250 . ‡aVydání 1.
264 1. ‡aPraha : ‡bGrada, ‡c2015
300 . ‡a306 stran : ‡bilustrace ; ‡c24 cm
336 . ‡atext ‡btxt ‡2rdacontent
337 . ‡abez média ‡bn ‡2rdamedia
338 . ‡asvazek ‡bnc ‡2rdacarrier
4901 . ‡aPedagogika
500 . ‡aTerminologické slovníky
504 . ‡aObsahuje bibliografie a bibliografické odkazy
65007. ‡avýchova ‡7ph127418 ‡2czenas
65007. ‡afilozofie výchovy ‡7ph120230 ‡2czenas
65007. ‡apedagogická psychologie ‡7ph124012 ‡2czenas
65007. ‡apedagogika volného času ‡7ph115704 ‡2czenas
65007. ‡asociální psychologie ‡7ph116212 ‡2czenas
65007. ‡aspeciální pedagogika ‡7ph116230 ‡2czenas
65007. ‡aprevence (sociální problémy) ‡7ph138923 ‡2czenas
65007. ‡amultikulturní výchova ‡7ph829799 ‡2czenas
65009. ‡aeducation ‡2eczenas
65009. ‡aphilosophy of education ‡2eczenas
65009. ‡aeducational psychology ‡2eczenas
65009. ‡aleisure education ‡2eczenas
65009. ‡asocial psychology ‡2eczenas
65009. ‡aspecial education ‡2eczenas
65009. ‡aprevention (social problems) ‡2eczenas
65009. ‡amulticultural education ‡2eczenas
655 7. ‡aučebnice vysokých škol ‡7fd133772 ‡2czenas
655 9. ‡atextbooks (higher) ‡2eczenas
830 0. ‡aPedagogika (Grada)
910 . ‡aABG450
910 . ‡aABG312
9289 . ‡aGrada Publishing
999 . ‡a11280 ‡b ‡c11280 ‡tbiblio
901 . ‡a23333 ‡b ‡c23333 ‡tbiblio ‡sets

Additional Resources